Zákon o přestupcích a přestupkové řízení : komentář /

Main Author: Jemelka, Luboš, 1979-
Corporate Author: Česko.
Other Authors: Vetešník, Pavel, 1972-
Language: Czech
Published: V Praze : C.H. Beck, 2013
Edition: Vyd. 2.
Series: Beckovy komentáře
Subjects:
Physical Description: xxii, 610 s. ; 20 cm
Book
Saved in:
LEADER 01822nam a2200517 a 4500
001 nkc20132485528
003 CZ PrNK
005 20140204165032.0
007 ta
008 130829s2013 xr e l 001 0 cze
015 |a cnb002485528 
020 |a 978-80-7400-501-5  |q (váz.) 
035 |a (OCoLC)864848261 
040 |a ABA001  |b cze  |d OLA001 
043 |a e-xr--- 
072 7 |a 343  |x Trestní právo  |2 Konspekt  |9 16 
080 |a 343.232  |2 MRF 
080 |a 342.924  |2 MRF 
080 |a (437.3)  |2 MRF 
080 |a (094.5)  |2 MRF 
080 |a (0.072)  |2 MRF 
100 1 |a Jemelka, Luboš,  |d 1979-  |7 mzk2006322873  |4 cwt 
245 1 0 |a Zákon o přestupcích a přestupkové řízení :  |b komentář /  |c Luboš Jemelka, Pavel Vetešník 
246 1 8 |a PřesZ :  |b komentář 
250 |a Vyd. 2. 
260 |a V Praze :  |b C.H. Beck,  |c 2013 
300 |a xxii, 610 s. ;  |c 20 cm 
490 1 |a Beckovy komentáře 
500 |a Přehled vybraných právních předpisů 
504 |a Obsahuje bibliografii, bibliografické odkazy a rejstřík 
650 0 7 |a přestupky  |7 ph124913  |z Česko  |2 czenas 
650 0 7 |a řízení o přestupcích  |7 ph128326  |z Česko  |2 czenas 
650 0 9 |a contraventions (criminal law)  |z Czechia  |2 eczenas 
650 0 9 |a contravention proceedings  |z Czechia  |2 eczenas 
655 7 |a zákony  |7 fd133886  |2 czenas 
655 7 |a komentáře  |7 fd132578  |2 czenas 
655 9 |a laws  |2 eczenas 
655 9 |a commentaries  |2 eczenas 
700 1 |a Vetešník, Pavel,  |d 1972-  |7 mzk2009533885  |4 cwt 
710 1 2 |a Česko.  |t Zákon o přestupcích (1990, novela 2012)  |7 kon2013739928 
830 0 |a Beckovy komentáře  |0 s 
910 2 |a BOA001  |b 1-1313.605 
990 |a BK 
995 |a 01 
991 |b 201311  |c NOV  |e n 
996 6 |b 2610567309  |c 1-1313.605  |l MZK  |r Sklad / do 1 hodiny  |n 29  |p p.v.  |w 001374733  |u 000010  |a 1  |e BOA001  |j MZK50  |s P